kku e-library facility

NET 4.0 Programming (Record no. 144)

MARC details
000 -LEADER
fixed length control field 00396nam a22001337a 4500
005 - DATE AND TIME OF LATEST TRANSACTION
control field 20260206094551.0
008 - FIXED-LENGTH DATA ELEMENTS--GENERAL INFORMATION
fixed length control field 260206b |||||||| |||| 00| 0 eng d
020 ## - INTERNATIONAL STANDARD BOOK NUMBER
International Standard Book Number 9789350040430
100 ## - MAIN ENTRY--PERSONAL NAME
Personal name Kogent Learning Solutions
245 ## - TITLE STATEMENT
Title NET 4.0 Programming
Statement of responsibility, etc. /Kogent Learning Solutions
260 ## - PUBLICATION, DISTRIBUTION, ETC.
Place of publication, distribution, etc. New Delhi;
Name of publisher, distributor, etc. Dreamtech Press;
Date of publication, distribution, etc. 2011.
300 ## - PHYSICAL DESCRIPTION
Extent xxxiv; 1759p. ill;.
Dimensions 23.5cm
Accompanying material CD
942 ## - ADDED ENTRY ELEMENTS (KOHA)
Source of classification or shelving scheme Dewey Decimal Classification
Koha item type Books
Suppress in OPAC No

No items available.

©2025 All rights reserved. KKU